[Event "41. Torneo de Ajedrez Villa de Mislata"]
[Site "Mislata ESP"]
[Date "2007.08.27"]
[Round "6.1"]
[White "Alonso Moyano, Jonathan"]
[Black "Hernandez, Holden"]
[Result "0-1"]
[WhiteElo "2372"]
[BlackElo "2544"]
[PlyCount "78"]
[EventDate "2007.08.23"]
[EventType "swiss"]
[EventRounds "9"]
[EventCountry "ESP"]
[Source "lmi"]
[SourceDate "2007.08.23"]

1. e4 c5 2. Nf3 Nc6 3. Bb5 d6 4. O-O Bd7 5. Re1 Nf6 6. c3 a6 7. Bxc6 Bxc6 8. d4
Bxe4 9. Bg5 Bc6 10. Bxf6 gxf6 11. d5 Bd7 12. Nh4 Rg8 13. Qf3 Qb6 14. Nd2 O-O-O
15. h3 Qc7 16. a4 e6 17. Qxf6 Bg7 18. Qxf7 Rdf8 19. Qh5 Be8 20. Qxh7 Rh8 21.
Qe4 exd5 22. Qg4+ Kb8 23. Ng6 Bxg6 24. Qxg6 Be5 25. Qd3 Qg7 26. Kf1 d4 27. c4
Rfg8 28. Qf3 Rf8 29. Qd5 Rhg8 30. Ra3 Bf4 31. Re2 Be3 32. Rb3 Rf7 33. Ke1 Bxd2+
34. Kxd2 d3 35. Kxd3 Rgf8 36. f3 Rf4 37. Re4 R4f5 38. Qxd6+ Ka8 39. Rg4 Qh7 0-1

[Event "41. Torneo de Ajedrez Villa de Mislata"]
[Site "Mislata ESP"]
[Date "2007.08.27"]
[Round "6.2"]
[White "Ipatov, Alexander"]
[Black "Rodriguez G, Jose Luis"]
[Result "1/2-1/2"]
[WhiteElo "2298"]
[BlackElo "2447"]
[PlyCount "27"]
[EventDate "2007.08.23"]
[EventType "swiss"]
[EventRounds "9"]
[EventCountry "ESP"]
[Source "lmi"]
[SourceDate "2007.08.23"]

1. d4 Nf6 2. c4 c5 3. d5 b5 4. cxb5 a6 5. bxa6 g6 6. Nc3 Bxa6 7. e4 Bxf1 8.
Kxf1 d6 9. Nf3 Bg7 10. g3 O-O 11. Kg2 Nbd7 12. h3 Qa5 13. Re1 Rfb8 14. e5
1/2-1/2

[Event "41. Torneo de Ajedrez Villa de Mislata"]
[Site "Mislata ESP"]
[Date "2007.08.27"]
[Round "6.3"]
[White "Gongora Reyes, Maikel"]
[Black "Mellado Triviño, Joan"]
[Result "1-0"]
[WhiteElo "2425"]
[BlackElo "2389"]
[PlyCount "113"]
[EventDate "2007.08.23"]
[EventType "swiss"]
[EventRounds "9"]
[EventCountry "ESP"]
[Source "lmi"]
[SourceDate "2007.08.23"]

1. e4 e5 2. Nf3 Nf6 3. d4 exd4 4. e5 Ne4 5. Qxd4 f5 6. Bc4 Bc5 7. Qxc5 Nxc5 8.
Bg5 Qxg5 9. Nxg5 Nc6 10. f4 Ne6 11. Nxe6 dxe6 12. Nc3 a6 13. O-O-O b5 14. Be2
Bb7 15. Bf3 Ke7 16. a4 b4 17. Na2 a5 18. b3 Rhd8 19. c3 Rab8 20. Kc2 bxc3 21.
Kxc3 Rxd1 22. Rxd1 g5 23. fxg5 Nxe5 24. Bxb7 Rxb7 25. b4 axb4+ 26. Nxb4 c5 27.
Nc2 Nf7 28. h4 Nd6 29. Ra1 Ne4+ 30. Kc4 Nd6+ 31. Kd3 Rb3+ 32. Ke2 Kd7 33. a5
Kc7 34. a6 Kb8 35. Ra3 Rxa3 36. Nxa3 Ka7 37. h5 Kxa6 38. Ke3 e5 39. g6 hxg6 40.
hxg6 f4+ 41. Kf3 Nf5 42. Ke4 Ne7 43. g7 Ka5 44. Nc4+ Ka4 45. Nxe5 Kb3 46. Nc6
Ng8 47. Kd5 Kc3 48. Kxc5 Kd3 49. Kd5 Ke3 50. Ke5 f3 51. gxf3 Kxf3 52. Kf5 Ke3
53. Ke6 Kf4 54. Ne7 Kg5 55. Kf7 Nh6+ 56. Kf8 Kf4 57. Ng6+ 1-0

[Event "41. Torneo de Ajedrez Villa de Mislata"]
[Site "Mislata ESP"]
[Date "2007.08.27"]
[Round "6.4"]
[White "Komljenovic, Davor"]
[Black "Kovacevic, Slobodan"]
[Result "1/2-1/2"]
[WhiteElo "2487"]
[BlackElo "2364"]
[PlyCount "97"]
[EventDate "2007.08.23"]
[EventType "swiss"]
[EventRounds "9"]
[EventCountry "ESP"]
[Source "lmi"]
[SourceDate "2007.08.23"]

1. d4 Nf6 2. c4 e6 3. Nc3 c5 4. d5 exd5 5. cxd5 d6 6. e4 g6 7. f4 Bg7 8. Bb5+
Nfd7 9. Bd3 O-O 10. Nf3 Na6 11. O-O Nc7 12. a4 a6 13. Kh1 Rb8 14. Nd2 b5 15.
axb5 axb5 16. e5 c4 17. exd6 Ne8 18. Bb1 f5 19. Nf3 Nc5 20. Be3 Qxd6 21. Ra7 b4
22. Na4 Nxa4 23. Rxa4 Nf6 24. Ne5 Qxd5 25. Nxc4 Bd7 26. Qxd5+ Nxd5 27. Ra7 Nxe3
28. Nxe3 Bb5 29. Ba2+ Kh8 30. Bc4 Bxb2 31. Bxb5 Rxb5 32. Rd1 Rc5 33. Rb7 Re8
34. Rxb4 Rc1 35. Rxc1 Bxc1 36. Nc2 Re2 37. Rc4 Bxf4 38. Rxf4 Rxc2 39. g4 fxg4
40. Rxg4 Kg7 41. Rf4 g5 42. Rg4 Kg6 43. h4 h6 44. hxg5 hxg5 45. Rg2 Rc1+ 46.
Kh2 Kh5 47. Ra2 Kh4 48. Kg2 Rc3 49. Rb2 1/2-1/2

[Event "41. Torneo de Ajedrez Villa de Mislata"]
[Site "Mislata ESP"]
[Date "2007.08.27"]
[Round "6.5"]
[White "Abreu Delgado, Aryram"]
[Black "Sospedra Sebastian, Juan"]
[Result "1-0"]
[WhiteElo "2486"]
[BlackElo "2303"]
[PlyCount "125"]
[EventDate "2007.08.23"]
[EventType "swiss"]
[EventRounds "9"]
[EventCountry "ESP"]
[Source "lmi"]
[SourceDate "2007.08.23"]

1. e4 e5 2. Nf3 Nf6 3. Nxe5 d6 4. Nf3 Nxe4 5. d4 d5 6. Bd3 Be7 7. O-O O-O 8. c4
Nf6 9. h3 dxc4 10. Bxc4 Nbd7 11. Nc3 Nb6 12. Bb3 c6 13. Bg5 Nbd5 14. Re1 Be6
15. Ne5 Re8 16. Qf3 Nc7 17. Rad1 Bxb3 18. axb3 Ncd5 19. Ne4 Rf8 20. Ng3 Nd7 21.
Bxe7 Nxe7 22. Nh5 Ng6 23. Nxd7 Qxd7 24. Qf6 gxf6 25. Nxf6+ Kg7 26. Nxd7 Rfd8
27. Ne5 Rd5 28. Nxg6 hxg6 29. Re5 Rd7 30. Rc5 Rad8 31. Rc4 Rd5 32. Kf1 c5 33.
Ke2 cxd4 34. Kd3 R8d6 35. b4 Rb5 36. Ra1 Rg5 37. g4 Rf6 38. Rxa7 Rf3+ 39. Ke2
Rxh3 40. Rxd4 Rb5 41. Ra3 Rh1 42. Kd2 Rb1 43. Kc2 Rf1 44. Rf3 g5 45. Kb3 Rg1
46. Ka4 Rb6 47. Ka5 Re6 48. Rd7 b6+ 49. Kb5 Rxg4 50. Rfxf7+ Kg8 51. Rg7+ Kh8
52. Rh7+ Kg8 53. Rdg7+ Kf8 54. Rb7 Kg8 55. Rhc7 Re5+ 56. Ka6 Rf4 57. Rb8+ Rf8
58. Rxf8+ Kxf8 59. Kxb6 Re2 60. Rc5 Rxf2 61. Rxg5 Rxb2 62. b5 Ke7 63. Rd5 1-0

[Event "41. Torneo de Ajedrez Villa de Mislata"]
[Site "Mislata ESP"]
[Date "2007.08.27"]
[Round "6.6"]
[White "Castellanos Rodriguez, Renier"]
[Black "Garcia Vazquez, Jhoel"]
[Result "1-0"]
[WhiteElo "2471"]
[BlackElo "2229"]
[PlyCount "166"]
[EventDate "2007.08.23"]
[EventType "swiss"]
[EventRounds "9"]
[EventCountry "ESP"]
[Source "lmi"]
[SourceDate "2007.08.23"]

1. e4 c5 2. Nf3 Nc6 3. Bb5 d6 4. Bxc6+ bxc6 5. O-O e5 6. c3 Nf6 7. Re1 Be7 8.
d4 cxd4 9. cxd4 exd4 10. Nxd4 Bd7 11. Nc3 O-O 12. Bf4 Re8 13. h3 Qb6 14. Qd2
Rad8 15. Rad1 h6 16. Qc2 Bf8 17. Nf3 Be6 18. Be3 Qa5 19. Bd4 Nd7 20. b3 Ne5 21.
Nd2 Qa6 22. Nf1 c5 23. Bxe5 dxe5 24. Nd5 Qb7 25. Nfe3 Kh8 26. Qc4 Rd7 27. Rd3
Red8 28. Red1 Rd6 29. Qc3 f5 30. Qxe5 fxe4 31. Qxe4 Bg8 32. Qe5 Qa6 33. a4 Bf7
34. Nc4 R6d7 35. Nce3 Qb7 36. Qf5 Rd6 37. Qe5 Qc6 38. Nf4 Rxd3 39. Rxd3 Rxd3
40. Nxd3 Qb6 41. Qf4 Qxb3 42. Ne5 Kg8 43. Nxf7 Qxf7 44. Qxf7+ Kxf7 45. Kf1 Be7
46. Ke2 Bf6 47. Nc2 Ke6 48. Kd3 Kd5 49. Ne3+ Kc6 50. Kc4 Bd4 51. Nf5 Bf6 52. g4
Kb6 53. Nd6 Ka5 54. Kb3 Kb6 55. Ne4 Bd4 56. f4 Kc6 57. Kc4 Be3 58. f5 Bd4 59.
h4 Be3 60. g5 hxg5 61. hxg5 Kd7 62. Nxc5+ Kd6 63. Ne4+ Ke5 64. Kd3 Bxg5 65.
Nxg5 Kxf5 66. Ne4 Ke5 67. Nc5 Kd5 68. Ne4 g6 69. Ng5 Ke5 70. Kc4 Kf5 71. Nf3
Kf4 72. Nd4 Ke4 73. Ne6 Ke5 74. Ng5 Kd6 75. Kb5 Kc7 76. a5 Kb7 77. Ne6 Kc8 78.
Kc6 Kb8 79. Ng5 Kc8 80. Nf7 Kb8 81. a6 Kc8 82. Ng5 Kb8 83. Kd7 Ka8 1-0

[Event "41. Torneo de Ajedrez Villa de Mislata"]
[Site "Mislata ESP"]
[Date "2007.08.27"]
[Round "6.7"]
[White "Garcia Roman, Daniel"]
[Black "Muñoz Orts, German"]
[Result "1-0"]
[WhiteElo "2427"]
[BlackElo "2165"]
[PlyCount "51"]
[EventDate "2007.08.23"]
[EventType "swiss"]
[EventRounds "9"]
[EventCountry "ESP"]
[Source "lmi"]
[SourceDate "2007.08.23"]

1. d4 Nf6 2. c4 g6 3. Nc3 Bg7 4. e4 d6 5. f3 O-O 6. Be3 Nc6 7. Nge2 a6 8. Nc1
e5 9. d5 Nd4 10. Nb3 c5 11. dxc6 bxc6 12. Nxd4 exd4 13. Bxd4 Re8 14. Be2 Qa5
15. O-O Rb8 16. Rb1 c5 17. Be3 Rxb2 18. Rxb2 Qxc3 19. Rb3 Qe5 20. Qd2 Bd7 21.
Rfb1 h5 22. Bf4 Nxe4 23. fxe4 Qxe4 24. Rb8 Bd4+ 25. Kh1 Kh7 26. Bd3 1-0

[Event "41. Torneo de Ajedrez Villa de Mislata"]
[Site "Mislata ESP"]
[Date "2007.08.27"]
[Round "6.8"]
[White "Berrocal Farina, Jorge"]
[Black "Villa Izquierdo, Robert"]
[Result "0-1"]
[WhiteElo "2353"]
[BlackElo "2152"]
[PlyCount "58"]
[EventDate "2007.08.23"]
[EventType "swiss"]
[EventRounds "9"]
[EventCountry "ESP"]
[Source "lmi"]
[SourceDate "2007.08.23"]

1. e4 c5 2. Nf3 d6 3. d4 cxd4 4. Qxd4 Nc6 5. Bb5 e6 6. Nc3 Bd7 7. Bxc6 bxc6 8.
O-O h6 9. b3 Qc7 10. Rd1 e5 11. Qc4 Be6 12. Qa4 Nf6 13. Nd2 Be7 14. Nc4 O-O 15.
Qa5 Qb8 16. Ba3 Bxc4 17. bxc4 Qd8 18. Qa6 Qc7 19. Rab1 Rfb8 20. Bb4 Nd7 21. Qa3
Nc5 22. Bxc5 dxc5 23. Qa6 g6 24. Kf1 Kg7 25. Rb3 Rxb3 26. axb3 Rd8 27. Ke2 Rd4
28. f3 Qd7 29. Qa1 Bg5 0-1

[Event "41. Torneo de Ajedrez Villa de Mislata"]
[Site "Mislata ESP"]
[Date "2007.08.27"]
[Round "6.9"]
[White "Cabrera Pino, Alexis"]
[Black "Angulo Martinez, Jon"]
[Result "1-0"]
[WhiteElo "2514"]
[BlackElo "2198"]
[PlyCount "43"]
[EventDate "2007.08.23"]
[EventType "swiss"]
[EventRounds "9"]
[EventCountry "ESP"]
[Source "lmi"]
[SourceDate "2007.08.23"]

1. e4 e5 2. Nf3 Nf6 3. d4 Nxe4 4. Bd3 d5 5. dxe5 Be7 6. O-O O-O 7. Nc3 Nxc3 8.
bxc3 Bg4 9. h3 Bh5 10. Rb1 b6 11. Re1 c6 12. g4 Bg6 13. Nd4 Bxd3 14. Qxd3 Re8
15. Bf4 Qc8 16. e6 fxe6 17. Rxe6 Bf6 18. Rbe1 Rxe6 19. Nxe6 Na6 20. g5 Be7 21.
Qd4 Bf8 22. Bd6 1-0

[Event "41. Torneo de Ajedrez Villa de Mislata"]
[Site "Mislata ESP"]
[Date "2007.08.27"]
[Round "6.10"]
[White "Gomez Peco, Pablo"]
[Black "Castella Garcia, Fausto"]
[Result "1/2-1/2"]
[WhiteElo "2166"]
[BlackElo "2381"]
[PlyCount "74"]
[EventDate "2007.08.23"]
[EventType "swiss"]
[EventRounds "9"]
[EventCountry "ESP"]
[Source "lmi"]
[SourceDate "2007.08.23"]

1. d4 Nf6 2. c4 g6 3. Nc3 Bg7 4. e4 d6 5. Nf3 O-O 6. Be2 c5 7. O-O cxd4 8. Nxd4
Nc6 9. Be3 Bd7 10. Qd2 Nxd4 11. Bxd4 Bc6 12. f3 a5 13. b3 Nd7 14. Be3 Nc5 15.
Rad1 Qb6 16. Nd5 Bxd5 17. exd5 Qb4 18. Qxb4 axb4 19. Rd2 h5 20. g3 Kh7 21. Bxc5
dxc5 22. Bd3 Bd4+ 23. Kg2 Kg7 24. f4 Ra6 25. Re2 Rfa8 26. Bb1 Kf6 27. h3 b6 28.
Rfe1 R6a7 29. Kf3 Rg8 30. a4 g5 31. fxg5+ Rxg5 32. Rf1 Kg7 33. g4 Bf6 34. Bf5
Ra8 35. Rg2 Kh6 36. Re1 Rag8 37. Re4 hxg4+ 1/2-1/2

[Event "41. Torneo de Ajedrez Villa de Mislata"]
[Site "Mislata ESP"]
[Date "2007.08.27"]
[Round "6.11"]
[White "Camarena Gimenez, Rufino"]
[Black "Benavent Espi, Vicente"]
[Result "1-0"]
[WhiteElo "2332"]
[BlackElo "2108"]
[PlyCount "49"]
[EventDate "2007.08.23"]
[EventType "swiss"]
[EventRounds "9"]
[EventCountry "ESP"]
[Source "lmi"]
[SourceDate "2007.08.23"]

1. d4 Nf6 2. Nf3 c5 3. c4 e6 4. Nc3 d5 5. cxd5 Nxd5 6. e3 cxd4 7. exd4 Bb4 8.
Bd2 O-O 9. Bd3 b6 10. Qe2 Nf6 11. O-O Bb7 12. Bg5 Bxc3 13. bxc3 h6 14. Bd2 Qd5
15. Rfb1 Bc6 16. a4 Nbd7 17. a5 Qh5 18. Bb5 Bxf3 19. Qxf3 Qxf3 20. gxf3 e5 21.
d5 bxa5 22. Rxa5 Nb6 23. c4 Rab8 24. Rc1 Rb7 25. d6 1-0

[Event "41. Torneo de Ajedrez Villa de Mislata"]
[Site "Mislata ESP"]
[Date "2007.08.27"]
[Round "6.12"]
[White "Crecente Penalva, Jose Manuel"]
[Black "Gomez Jurado, Luis Alberto"]
[Result "1/2-1/2"]
[WhiteElo "2140"]
[BlackElo "2301"]
[PlyCount "71"]
[EventDate "2007.08.23"]
[EventType "swiss"]
[EventRounds "9"]
[EventCountry "ESP"]
[Source "lmi"]
[SourceDate "2007.08.23"]

1. e4 c5 2. Nf3 Nc6 3. Bb5 Qc7 4. c3 a6 5. Ba4 b5 6. Bc2 e5 7. O-O Bb7 8. d3
Be7 9. Nbd2 Nf6 10. Re1 O-O 11. Nf1 d5 12. Ng3 Rad8 13. Qe2 dxe4 14. dxe4 g6
15. Bh6 Rfe8 16. h3 Kh8 17. Rad1 Ng8 18. Bg5 Bxg5 19. Nxg5 f6 20. Nf3 c4 21.
Qe3 Nb8 22. h4 h5 23. b4 Nd7 24. a4 Nf8 25. Ne2 Ne6 26. a5 Kg7 27. g3 Nh6 28.
Nh2 Nf7 29. f3 Rxd1 30. Rxd1 Rd8 31. Rd2 Rxd2 32. Qxd2 Qd6 33. Qxd6 Nxd6 34.
Kf2 f5 35. Ke3 Nc7 36. Nf1 1/2-1/2

[Event "41. Torneo de Ajedrez Villa de Mislata"]
[Site "Mislata ESP"]
[Date "2007.08.27"]
[Round "6.13"]
[White "Gabarro Sole, Ramon"]
[Black "Peña Riascos, Alexander"]
[Result "0-1"]
[WhiteElo "2113"]
[BlackElo "2296"]
[PlyCount "132"]
[EventDate "2007.08.23"]
[EventType "swiss"]
[EventRounds "9"]
[EventCountry "ESP"]
[Source "lmi"]
[SourceDate "2007.08.23"]

1. e4 c5 2. Nf3 d6 3. d4 cxd4 4. Nxd4 Nf6 5. Nc3 a6 6. Bg5 e6 7. f4 Qc7 8. Bxf6
gxf6 9. Qf3 Nc6 10. O-O-O Bd7 11. Nxc6 Bxc6 12. f5 Qe7 13. Bd3 O-O-O 14. Rhf1
Bg7 15. Kb1 Kb8 16. g4 Qc7 17. h4 d5 18. exd5 exd5 19. Ne2 Qe5 20. Qf2 Bh6 21.
Nd4 Bd7 22. Rfe1 Qd6 23. Be2 Bf4 24. Rh1 Rhe8 25. Rh3 Re4 26. Rhd3 Rde8 27. Bf3
R4e5 28. Ne2 Bh6 29. Rxd5 Rxd5 30. Rxd5 Qc7 31. Rd3 Bb5 32. Rb3 Rd8 33. Nc3 Qf4
34. a4 Qc1+ 35. Ka2 Be3 36. Qg2 Bc4 37. Bd5 Bxb3+ 38. Bxb3 Bd4 39. Bd5 Rd7 40.
Qe4 Qe3 41. Kb3 Rc7 42. Qxe3 Bxe3 43. Ne4 Bd4 44. g5 fxg5 45. hxg5 Be3 46. c4
b6 47. Kc3 a5 48. Kd3 Bc1 49. b3 h6 50. gxh6 Bxh6 51. Nd6 f6 52. Ne8 Re7 53.
Nxf6 Re3+ 54. Kd4 Rxb3 55. Ng4 Bf8 56. f6 Kc7 57. Ke5 Rb4 58. Ke6 Rxa4 59. Ne5
Ra1 60. Kf7 Bd6 61. Ng6 a4 62. Kg7 a3 63. f7 Rf1 64. c5 Bxc5 65. f8=Q Bxf8+ 66.
Nxf8 Kd6 0-1

[Event "41. Torneo de Ajedrez Villa de Mislata"]
[Site "Mislata ESP"]
[Date "2007.08.27"]
[Round "6.14"]
[White "Torres Sanchez, Jose"]
[Black "Reig Muñoz, Jose"]
[Result "1-0"]
[WhiteElo "2292"]
[BlackElo "2052"]
[PlyCount "105"]
[EventDate "2007.08.23"]
[EventType "swiss"]
[EventRounds "9"]
[EventCountry "ESP"]
[Source "lmi"]
[SourceDate "2007.08.23"]

1. Nf3 Nf6 2. c4 c5 3. Nc3 e6 4. d4 cxd4 5. Nxd4 Qb6 6. e3 a6 7. Be2 Nc6 8. O-O
Be7 9. a3 Qc7 10. b4 d6 11. e4 O-O 12. Be3 Bd7 13. Rc1 Rac8 14. Nb3 Ne5 15. Nd2
Rfd8 16. f4 Ng6 17. Bd3 Be8 18. Qe2 Nf8 19. Nb3 N8d7 20. Kh1 g6 21. Rc2 Bf8 22.
Bf2 Nb6 23. Bh4 Be7 24. Nd1 Ba4 25. e5 Bxb3 26. exf6 Bf8 27. Ne3 Bxc2 28. Qxc2
d5 29. c5 Nc4 30. Ng4 Nd6 31. Qe2 Nf5 32. Be1 a5 33. Ne5 axb4 34. axb4 d4 35.
h4 Ra8 36. h5 Ra1 37. hxg6 fxg6 38. Bc4 Rd5 39. Bxd5 exd5 40. Bf2 Rxf1+ 41.
Qxf1 Qd8 42. f7+ Kg7 43. g4 Ne3 44. Qd3 Qa8 45. Qxd4 Nc2 46. Qb2 Qa1+ 47. Qxa1
Nxa1 48. b5 Nb3 49. c6 bxc6 50. bxc6 Bd6 51. Bb6 g5 52. c7 Bxc7 53. Bxc7 1-0

[Event "41. Torneo de Ajedrez Villa de Mislata"]
[Site "Mislata ESP"]
[Date "2007.08.27"]
[Round "6.15"]
[White "Asensio Lisan, Teodoro"]
[Black "Llamazarez Lopez, Marcos"]
[Result "1-0"]
[WhiteElo "2276"]
[BlackElo "1959"]
[PlyCount "61"]
[EventDate "2007.08.23"]
[EventType "swiss"]
[EventRounds "9"]
[EventCountry "ESP"]
[Source "lmi"]
[SourceDate "2007.08.23"]

1. c4 Nf6 2. Nf3 g6 3. Nc3 Bg7 4. d4 d6 5. e4 O-O 6. Be2 Bg4 7. Qb3 Qc8 8. Bg5
Bxf3 9. Bxf3 e5 10. dxe5 dxe5 11. Nd5 Nxd5 12. cxd5 Kh8 13. Rc1 f6 14. Bd2 Rd8
15. h4 Bf8 16. h5 g5 17. Qd1 Na6 18. Bg4 Qb8 19. h6 c6 20. Qf3 Qd6 21. Be6 Be7
22. Bxg5 Rf8 23. Bd2 Nc7 24. Bf5 cxd5 25. exd5 Nxd5 26. Rh4 Rad8 27. g3 Qb6 28.
Rg4 Bb4 29. Bxb4 Nxb4 30. Rg7 Qd4 31. Rcc7 1-0

[Event "41. Torneo de Ajedrez Villa de Mislata"]
[Site "Mislata ESP"]
[Date "2007.08.27"]
[Round "6.16"]
[White "Martinez Hernandez, Javier"]
[Black "Serna Lara, Sergio"]
[Result "0-1"]
[WhiteElo "2052"]
[BlackElo "2270"]
[PlyCount "111"]
[EventDate "2007.08.23"]
[EventType "swiss"]
[EventRounds "9"]
[EventCountry "ESP"]
[Source "lmi"]
[SourceDate "2007.08.23"]

1. Nf3 d5 2. g3 Bg4 3. Bg2 c6 4. O-O Nd7 5. d3 e6 6. Nbd2 Bd6 7. c4 Ngf6 8. Rb1
a5 9. b3 O-O 10. Re1 e5 11. e4 dxe4 12. dxe4 Nc5 13. Qc2 Re8 14. h3 Bh5 15. Bb2
Bc7 16. Ba3 Qd3 17. Qxd3 Nxd3 18. Re2 Bb6 19. c5 Bxc5 20. Bxc5 Nxc5 21. g4 Bg6
22. Nh4 Nfd7 23. Nc4 Nf8 24. Rd1 f6 25. Nf5 Nfe6 26. Red2 Kf8 27. f3 Bxf5 28.
gxf5 Nd4 29. f4 b5 30. fxe5 fxe5 31. Nxe5 Ndxb3 32. Nd7+ Nxd7 33. Rxd7 Nc5 34.
Rc7 Rec8 35. Rxc8+ Rxc8 36. Kf2 Ke7 37. Ke3 Nd7 38. h4 Nb6 39. Bf1 b4 40. e5 c5
41. Rd6 Nd7 42. Bc4 Rb8 43. Ra6 a4 44. Ra7 Ke8 45. Ke4 b3 46. f6 gxf6 47. e6
Ne5 48. axb3 axb3 49. Rxh7 Rb4 50. Kf5 Rxc4 51. Kxf6 Ng4+ 52. Kf5 b2 53. Rh8+
Ke7 54. Rh7+ Kd6 55. Rd7+ Kc6 56. Rd1 0-1

[Event "41. Torneo de Ajedrez Villa de Mislata"]
[Site "Mislata ESP"]
[Date "2007.08.27"]
[Round "6.17"]
[White "Sanchez Romero, Miguel Angel"]
[Black "Sancho Ferrer, Jose Vicente"]
[Result "1/2-1/2"]
[WhiteElo "2261"]
[BlackElo "1951"]
[PlyCount "107"]
[EventDate "2007.08.23"]
[EventType "swiss"]
[EventRounds "9"]
[EventCountry "ESP"]
[Source "lmi"]
[SourceDate "2007.08.23"]

1. d4 f5 2. Bg5 g6 3. Nd2 Bg7 4. e4 fxe4 5. Nxe4 Nf6 6. Bd3 Nc6 7. c3 d6 8. Nf3
O-O 9. h3 Be6 10. O-O Bf7 11. Qc2 Qd7 12. Ng3 Rae8 13. Rfe1 a6 14. a3 Bd5 15.
Re3 e5 16. dxe5 Nxe5 17. Nxe5 Rxe5 18. Rxe5 dxe5 19. Re1 Qd6 20. Bxf6 Qxf6 21.
Be4 c6 22. c4 Be6 23. b4 Kh8 24. c5 Bh6 25. Rd1 Rf7 26. Rd6 Bf8 27. Rd3 Bh6 28.
a4 Qg5 29. Rd6 Bf5 30. Bxf5 gxf5 31. Qd3 e4 32. Qd4+ Kg8 33. Rd8+ Bf8 34. Rb8
h5 35. Qd8 Qxd8 36. Rxd8 h4 37. Ne2 Kh7 38. Nd4 Bg7 39. Kf1 Kg6 40. Ke2 Bxd4
41. Rxd4 Kf6 42. Rd6+ Kg5 43. b5 axb5 44. axb5 cxb5 45. Rb6 Rd7 46. Rxb5 Kf4
47. Rb6 Kg5 48. Rb5 Kf4 49. Rb6 Kg5 50. c6 bxc6 51. Rxc6 Ra7 52. Rc2 Ra3 53.
Rb2 Rc3 54. Ra2 1/2-1/2

[Event "41. Torneo de Ajedrez Villa de Mislata"]
[Site "Mislata ESP"]
[Date "2007.08.27"]
[Round "6.18"]
[White "Monell Camarasa, David"]
[Black "Cabrera Tormo, Federico"]
[Result "1-0"]
[WhiteElo "2224"]
[BlackElo "1946"]
[PlyCount "131"]
[EventDate "2007.08.23"]
[EventType "swiss"]
[EventRounds "9"]
[EventCountry "ESP"]
[Source "lmi"]
[SourceDate "2007.08.23"]

1. d4 d5 2. c4 c6 3. Nf3 Nf6 4. Nc3 e6 5. e3 Nbd7 6. Qc2 Bd6 7. b3 e5 8. cxd5
cxd5 9. dxe5 Nxe5 10. Be2 O-O 11. O-O Qc7 12. Nd4 a6 13. Bb2 Bd7 14. Rac1 Rac8
15. Rfd1 Nc6 16. Nf3 Be6 17. h3 h6 18. Qd2 Qe7 19. Bf1 Rfd8 20. g3 Ba3 21. Bg2
Bxb2 22. Qxb2 Ne4 23. Nd4 Nxc3 24. Rxc3 Nxd4 25. Rxd4 Qd7 26. Rcd3 Qc6 27. e4
Qc1+ 28. Qxc1 Rxc1+ 29. Rd1 Rxd1+ 30. Rxd1 d4 31. f4 f6 32. Kf2 Kf8 33. Ke2 Ke7
34. Rc1 Rd7 35. Kd3 a5 36. Rc5 a4 37. Rb5 axb3 38. axb3 Kd8 39. Rb6 Bf7 40. Bf3
Kc7 41. Rb4 b6 42. Bd1 Be6 43. Bg4 Bxg4 44. hxg4 Kc6 45. Rxd4 Ra7 46. e5 fxe5
47. fxe5 Ra3 48. Kc4 Ra5 49. Rd6+ Kc7 50. Re6 Kd7 51. Rxb6 Rxe5 52. Rg6 Re7 53.
b4 Kc7 54. Kd5 Kd7 55. Ra6 Kc8 56. Rg6 Kc7 57. b5 Kb7 58. Re6 Rf7 59. Ke4 Rc7
60. Ke5 Rd7 61. Kf5 Rf7+ 62. Kg6 Rd7 63. Kh7 Rd3 64. Rg6 Rxg3 65. Kxg7 Rb3 66.
b6 1-0

[Event "41. Torneo de Ajedrez Villa de Mislata"]
[Site "Mislata ESP"]
[Date "2007.08.27"]
[Round "6.19"]
[White "Coves Tomas, Bernardo"]
[Black "Martinez Tormo, Jorge"]
[Result "0-1"]
[WhiteElo "1961"]
[BlackElo "2203"]
[PlyCount "38"]
[EventDate "2007.08.23"]
[EventType "swiss"]
[EventRounds "9"]
[EventCountry "ESP"]
[Source "lmi"]
[SourceDate "2007.08.23"]

1. Nf3 d5 2. d4 e6 3. c4 c6 4. e3 f5 5. Be2 Nf6 6. h3 Bd6 7. a3 O-O 8. Nc3 Ne4
9. Qc2 Nd7 10. O-O Qf6 11. Nxe4 fxe4 12. Nh2 Qh4 13. Bg4 Nf6 14. g3 Qh6 15. f4
exf3 16. Rxf3 Bd7 17. Bd2 Nxg4 18. Rxf8+ Rxf8 19. hxg4 Bxg3 0-1

[Event "41. Torneo de Ajedrez Villa de Mislata"]
[Site "Mislata ESP"]
[Date "2007.08.27"]
[Round "6.20"]
[White "Castellote Lillo, Javier"]
[Black "Astasio Lopez, David"]
[Result "0-1"]
[WhiteElo "1927"]
[BlackElo "2176"]
[PlyCount "86"]
[EventDate "2007.08.23"]
[EventType "swiss"]
[EventRounds "9"]
[EventCountry "ESP"]
[Source "lmi"]
[SourceDate "2007.08.23"]

1. e4 c5 2. c3 d5 3. exd5 Qxd5 4. d4 Nf6 5. Nf3 Bg4 6. dxc5 Qxc5 7. Na3 e5 8.
Qa4+ Bd7 9. Qb3 Nc6 10. Ng5 Nd5 11. Ne4 Qa5 12. Nc4 Qc7 13. Qxb7 Qxb7 14. Ned6+
Kd8 15. Nxb7+ Kc7 16. Nba5 Rb8 17. Be2 Nxa5 18. Nxa5 Nf4 19. Bxf4 exf4 20.
O-O-O Bc5 21. Rhf1 Rhe8 22. Bf3 Bb5 23. c4 Bd7 24. Rxd7+ Kxd7 25. Bc6+ Kc7 26.
Bxe8 Rxe8 27. Nb3 Bd6 28. Kd2 f3 29. gxf3 Bxh2 30. Re1 Rxe1 31. Kxe1 Be5 32.
Ke2 Bxb2 33. Ke3 h5 34. Kf4 Kd6 35. Kg5 g6 36. f4 Ke7 37. Kh4 Kf6 38. Kg3 Ke6
39. Nd2 Bf6 40. Nb3 a6 41. f3 Kd6 42. Nd2 Bd8 43. Nb3 Bc7 0-1

[Event "41. Torneo de Ajedrez Villa de Mislata"]
[Site "Mislata ESP"]
[Date "2007.08.27"]
[Round "6.21"]
[White "Trabazos Gallego, Javier"]
[Black "Plaza Pardo, Daniel"]
[Result "0-1"]
[WhiteElo "1860"]
[BlackElo "2174"]
[PlyCount "124"]
[EventDate "2007.08.23"]
[EventType "swiss"]
[EventRounds "9"]
[EventCountry "ESP"]
[Source "lmi"]
[SourceDate "2007.08.23"]

1. d4 Nf6 2. Nf3 g6 3. Bf4 Bg7 4. Nbd2 O-O 5. e3 d6 6. Bd3 Nh5 7. c3 Nxf4 8.
exf4 e5 9. fxe5 dxe5 10. O-O Nc6 11. d5 Qxd5 12. Bc4 Qd8 13. Qe2 Bf5 14. Ne4
Qe7 15. Rad1 h6 16. h3 Nd8 17. g4 Be6 18. g5 Bxh3 19. gxh6 Bxh6 20. Qc2 Bxf1
21. Rd7 Qxd7 22. Nf6+ Kg7 23. Nxd7 Bxc4 24. Nxf8 Kxf8 25. Nxe5 Be6 26. c4 Bg7
27. f4 Nc6 28. Nxc6 bxc6 29. Qa4 Rd8 30. Qxc6 Bxb2 31. Qxc7 Bd4+ 32. Kg2 Bb6
33. Qe5 Rc8 34. Qh8+ Ke7 35. Qh4+ Kd7 36. f5 Bxf5 37. Qf4 Be6 38. Qd2+ Ke8 39.
a4 Rc5 40. Qd6 Bxc4 41. a5 Bd5+ 42. Kh3 Rc3+ 43. Kg4 Be6+ 44. Kg5 Rc5+ 45. Kf6
Rf5+ 46. Kg7 Rxa5 47. Qc6+ Ke7 48. Qb7+ Kd8 49. Qb8+ Kd7 50. Qb7+ Bc7 51. Kf8
Bd5 52. Qb2 Bd6+ 53. Kg7 Rc5 54. Qd4 a5 55. Qa4+ Ke7 56. Qd4 Be6 57. Qf6+ Kd7
58. Kh7 Rh5+ 59. Kg8 Be5 60. Qe7+ Kc6 61. Qe8+ Kc5 62. Qe7+ Kc4 0-1